Fast typing - reverse alphabet - Statistics

General Stats
  • This quiz has been taken 72 times
  • The average score is 21 of 26
Answer Stats
Answer % Correct
w
98%
x
98%
z
98%
y
95%
u
90%
v
90%
s
88%
o
83%
t
83%
q
81%
r
81%
m
79%
n
79%
h
76%
a
74%
c
74%
d
74%
f
74%
g
74%
i
74%
p
74%
b
71%
e
71%
j
71%
k
71%
l
71%
No matching quizzes found
Score Distribution
Percent of People with Each Score
Percentile by Number Answered
Your Score History
You have not taken this quiz